[Event "Open Ricany 2oo9"]
[Site "?"]
[Date "2009.08.27"]
[Round "7.12"]
[White "Marsalek ,Lubos"]
[Black "Kovar ,Vojtech"]
[Result "0-1"]
[WhiteElo "1955"]
[BlackElo "2328"]

1. Nf3 e6 2. d4 c5 3. c4 cxd4 4. Nxd4 b6 5. Nc3 Bb7 6. Ndb5 d6 7. e4 a6 8. Nd4
Nf6 9. Bd3 Be7 10. O-O O-O 11. Be3 Nbd7 12. f4 Qc7 13. Rc1 Nc5 14. f5 e5 15. Nb3
Nfxe4 16. Nd5 Bxd5 17. cxd5 Qd8 18. Nxc5 Nxc5 19. Bb1 Bg5 20. Bxg5 Qxg5 21. Rc3
a5 22. Rg3 Qf6 23. Qh5 e4 24. Rh3 h6 25. Rg3 Rae8 26. Kh1 Re5 27. a3 a4 28. h3
Rfe8 29. Re3 Qg5 30. Qxg5 hxg5 31. Ba2 Kf8 32. g4 Ke7 33. Bc4 Rb8 34. Rfe1 b5
35. Ba2 Kd7 36. Bb1 Rbe8 37. Ba2 Rb8 38. Bb1 b4 39. f6 g6 40. axb4 Rxb4 41. Kg1
Rxb2 42. Bxe4 a3 43. Rxa3 Rb8 44. Ra7+ Ke8 45. Re7+ Rxe7 46. fxe7 Nxe4 47. Rxe4
Rb2 48. Rc4 Kxe7 49. Rc7+ Kf6 50. Rd7 Ke5 51. Rxf7 Rd2 52. Rg7 Kf6 53. Rg8 Rxd5
54. Kf2 Rd3 55. Rf8+ Ke7 56. Rg8 Kf7 57. Rd8 Rd1 58. Ke2 Rd4 59. Ke3 Rd5
60. Rd7+ Ke6 61. Rg7 Kf6 62. Rd7 Rd1 63. Ke2 Rd4 64. Ke3 Rd5 65. Ke4 Rd1 66. Ke3
Ke5 67. Re7+ Kd5 68. Rg7 Re1+ 69. Kd3 Re6 70. Ra7 Ke5 71. Rf7 Rf6 72. Re7+ Re6
73. Rf7 d5 74. Rf8 Re7 75. Rg8 Re6 76. Rf8 Ra6 77. Re8+ Kd6 78. Rd8+ Kc5
79. Rc8+ Rc6 80. Rd8 Re6 81. Rc8+ Kd6 82. Rd8+ Ke5 83. Rf8 Re7 84. Rg8 Rh7
85. Re8+ Kf4 86. Re3 Ra7 87. Re6 Ra3+ 88. Kd4 Rxh3 89. Kxd5 Rd3+ 90. Kc4 Rd8
91. Rxg6 Kxg4 92. Rg7 Kf4 93. Rf7+ Kg3 94. Ra7 g4 95. Ra3+ Kh4 96. Ra7 g3
97. Rh7+ Kg4 98. Rg7+ Kf3 99. Rf7+ Ke2 100. Re7+ Kf2 101. Rf7+ Kg1 102. Ra7 g2
103. Rf7 Rh8 104. Kd3 Kh1 0-1

[Event "Open Ricany 2oo9"]
[Site "?"]
[Date "2009.08.27"]
[Round "7.24"]
[White "Vavrinec ,Tomas"]
[Black "Sochorova ,Jana"]
[Result "1-0"]
[WhiteElo "2067"]
[BlackElo "1903"]

1. d4 f5 2. Nc3 Nf6 3. Bg5 e6 4. f3 Bb4 5. Qd3 h6 6. Bd2 Nc6 7. e4 d6 8. Nge2
O-O 9. O-O-O fxe4 10. Nxe4 Bxd2+ 11. Nxd2 e5 12. g4 d5 13. dxe5 Nxe5 14. Qc3 Qe7
15. h4 c5 16. g5 d4 17. Qa3 Nd5 18. gxh6 gxh6 19. Bg2 Ne3 20. Rdg1 Be6 21. Nxd4
N5c4 22. Nxc4 Nxc4 23. Bf1+ Kh8 24. Bxc4 Bxc4 25. Re1 Qd6 26. Ne2 Bxe2 27. Rxe2
Qf4+ 28. Re3 Rae8 29. Re1 Rxe3 30. Qxe3 Qxe3+ 31. Rxe3 Rf4 32. Re7 Rxh4 33. Rxb7
Rf4 34. Kd2 Rxf3 35. Rxa7 h5 36. Ke2 Rf5 37. Ra3 Kg7 38. Rh3 Kg6 39. Ke3 Kg5
40. Ke4 Rf2 41. Rc3 Rf4+ 42. Ke5 Rf5+ 43. Ke6 Kg4 44. a4 h4 45. a5 h3 46. Rxh3
1-0

[Event "Open Ricany 2oo9"]
[Site "?"]
[Date "2009.08.27"]
[Round "7.17"]
[White "Straka ,Vojtech"]
[Black "Haman ,Jakub"]
[Result "0-1"]
[WhiteElo "2039"]
[BlackElo "1926"]

1. d4 f5 2. Nf3 d5 3. g3 e6 4. c4 Nf6 5. Bf4 Be7 6. Bg2 O-O 7. O-O c6 8. Nbd2
Nbd7 9. Ne5 Qb6 10. cxd5 exd5 11. Nb3 Ne4 12. Qc2 Bf6 13. Nxd7 Bxd7 14. Nc5 Rad8
15. Nxe4 fxe4 16. Bd6 Rf7 17. e3 Bg4 18. Bc5 Qc7 19. Rfc1 Bg5 20. Qa4 a6 21. Qb3
Qd7 22. Qc2 Rf6 23. a4 Bh3 24. Bh1 Rh6 25. b4 Bg4 26. f4 exf3 27. Qf2 Re8
28. Ra3 Rhe6 29. Re1 Qf7 30. Rb3 Qf6 31. h4 Bh6 32. b5 g5 33. bxa6 bxa6 34. hxg5
Qxg5 35. Bb4 Rxe3 36. Rexe3 Qxe3 37. Qxe3 Bxe3+ 38. Kh2 Re6 0-1

[Event "Open Ricany 2oo9"]
[Site "?"]
[Date "2009.08.27"]
[Round "7.40"]
[White "Sedivy ,Ondrej"]
[Black "Vlcek ,Marek"]
[Result "0-1"]
[WhiteElo "1721"]
[BlackElo "1972"]

1. c4 Nf6 2. Nc3 c5 3. g3 Nc6 4. Bg2 e6 5. e3 d5 6. cxd5 exd5 7. d4 c4 8. a3
Bf5 9. Nge2 Bd6 10. Nxd5 Nxd5 11. e4 Ndb4 12. axb4 Bxb4+ 13. Bd2 Bd7 14. O-O O-O
15. d5 Bxd2 16. Qxd2 Ne5 17. Qc3 Re8 18. Qd4 Qb6 19. Qxb6 axb6 20. Rfc1 b5
21. b3 cxb3 22. Rab1 Rec8 23. Rxc8+ Rxc8 24. Rxb3 Rc2 25. f4 Nc4 26. Nd4 Rc1+
27. Kf2 Na5 28. Ra3 b6 29. Ra2 Rc4 30. Nb3 Nxb3 31. Ra7 Bg4 32. d6 Rc2+ 33. Kg1
Kf8 34. h3 Bc8 35. d7 Bxd7 36. Rxd7 Nc5 37. Rd6 Na4 38. Bf1 Rb2 39. Rd4 b4
40. Bb5 Nc3 41. Bc4 Ke7 42. e5 b5 43. Bd3 Rd2 44. Rd6 b3 45. f5 b2 46. Kf1 Rxd3
0-1

[Event "Open Ricany 2oo9"]
[Site "?"]
[Date "2009.08.27"]
[Round "7.38"]
[White "Hajek ,Jiri"]
[Black "Urban ,Miroslav"]
[Result "1-0"]
[WhiteElo "1823"]
[BlackElo "1917"]

1. e4 e5 2. Nf3 Nc6 3. Nc3 Nf6 4. d4 exd4 5. Nxd4 Bb4 6. Nxc6 Bxc3+ 7. bxc3
bxc6 8. Bd3 d5 9. exd5 Nxd5 10. O-O O-O 11. Qh5 f5 12. Re1 Qd6 13. Bd2 Bd7
14. Rab1 Rae8 15. Rxe8 Rxe8 16. Bc4 Kh8 17. Qf3 Qe5 18. Re1 Qd6 19. Rxe8+ Bxe8
20. Qxf5 Bd7 21. Qg5 Be6 22. Bb3 h6 23. Qg6 Nf4 24. Qe8+ Kh7 25. Bxe6 Nxe6
26. Be1 Ng5 27. Qe3 Qg6 28. Qd3 Qxd3 29. cxd3 Kg6 30. Kf1 Kf5 31. Ke2 Ne6
32. Bd2 h5 33. Be3 a6 34. d4 Ke4 35. f3+ Kd5 36. Kd3 g6 37. g4 hxg4 38. fxg4 c5
39. c4+ Kd6 40. d5 Nd8 41. Bf4+ Kd7 42. Ke4 Nf7 43. h4 a5 44. a4 c6 45. h5 gxh5
1-0

[Event "Open Ricany 2oo9"]
[Site "?"]
[Date "2009.08.27"]
[Round "7.3"]
[White "Mejzlik ,Ondrej"]
[Black "Groh ,Jiri"]
[Result "1/2-1/2"]
[WhiteElo "2206"]
[BlackElo "2113"]

1. c4 Nf6 2. Nc3 d5 3. cxd5 Nxd5 4. e4 Nxc3 5. bxc3 c5 6. Nf3 e6 7. Bc4 Be7
8. O-O O-O 9. d4 Nc6 10. Rb1 b6 11. Be3 cxd4 12. cxd4 Bb7 13. Rc1 Rc8 14. Qe2 g6
15. Rfd1 Na5 16. Bh6 Rxc4 17. Rxc4 Ba6 18. Bxf8 Bxf8 19. Rdc1 Nxc4 20. Rxc4 Qa8
21. Ne5 Qb7 22. Qf3 Bxc4 23. Nxc4 b5 24. Ne3 b4 25. g3 a5 26. Nc4 a4 27. Qd3 Qa6
28. Qc2 Qb5 29. Ne5 Bd6 30. Qc8+ Kg7 31. Nc4 Be7 32. Qc7 b3 33. axb3 axb3
34. Kg2 Qb4 35. h3 h5 36. h4 Qc3 37. Qxe7 Qxc4 38. Qd6 b2 39. Qe5+ f6 40. Qd6 e5
41. Qe7+ Qf7 42. Qb4 Qa2 43. Qe7+ Qf7 44. Qb4 1/2-1/2

[Event "Open Ricany 2oo9"]
[Site "?"]
[Date "2009.08.27"]
[Round "7.13"]
[White "Skrivanek ,Jan"]
[Black "Dolezal ,Radoslav"]
[Result "1-0"]
[WhiteElo "2136"]
[BlackElo "2027"]

1. e4 e5 2. Nf3 Nc6 3. d4 exd4 4. c3 d6 5. Bc4 Be7 6. Qb3 Ne5 7. Nxe5 dxe5
8. Bxf7+ Kf8 9. O-O g5 10. cxd4 Qxd4 11. Bh5 Nh6 12. Nc3 c6 13. Be3 Qd6 14. h4
Rg8 15. hxg5 Bxg5 16. Rad1 Qe7 17. f4 exf4 18. Rxf4+ Bxf4 19. Bxf4 Nf7 20. Bxf7
Qxf7 21. Rd8+ Ke7 22. Rxg8 Qxf4 23. Qb4+ 1-0

[Event "Open Ricany 2oo9"]
[Site "?"]
[Date "2009.08.27"]
[Round "7.36"]
[White "Eisner ,Oldrich"]
[Black "Havelka ,Petr"]
[Result "1/2-1/2"]
[WhiteElo "1828"]
[BlackElo "1936"]

1. d4 d5 2. Nf3 Nf6 3. c4 e6 4. g3 Be7 5. Bg2 O-O 6. O-O Nbd7 7. Qc2 c5 8. cxd5
Nxd5 9. a3 cxd4 10. Nxd4 N7f6 11. e4 Nb4 12. axb4 Qxd4 13. b5 Qb4 14. Nc3 e5
15. Be3 1/2-1/2

[Event "Open Ricany 2oo9"]
[Site "?"]
[Date "2009.08.27"]
[Round "7.28"]
[White "Boucek ,Vlastimil"]
[Black "Adamik ,Frantisek"]
[Result "1-0"]
[WhiteElo "2032"]
[BlackElo "1882"]

1. e4 c5 2. Nc3 e5 3. g3 d6 4. Bg2 Nc6 5. Nge2 f5 6. d3 g5 7. exf5 Bxf5 8. O-O
h5 9. f4 exf4 10. gxf4 g4 11. Ng3 Nge7 12. Re1 Qd7 13. Nd5 O-O-O 14. Nf6 Qc7
15. Nfxh5 Nd4 16. c3 Nf3+ 17. Bxf3 gxf3 18. Qxf3 Bd7 19. f5 Bc6 20. Qf2 Bh6
21. Bxh6 Rxh6 22. Re6 Rh7 23. Rae1 Rdh8 24. Qf4 Bd5 25. R6e2 Ng8 26. Re8+ Kd7
27. f6 Kc6 28. c4 Bf7 29. R8e7 Qc8 30. Qf3+ Kb6 31. Ng7 Nxe7 32. Rxe7 Bg6 33. d4
cxd4 34. Qb3+ 1-0

[Event "Open Ricany 2oo9"]
[Site "?"]
[Date "209.08.27"]
[Round "7.22"]
[White "Postupa ml., Pavel"]
[Black "Kubik ,Jaroslav"]
[Result "1/2-1/2"]
[WhiteElo "2137"]
[BlackElo "1975"]

1. e4 d6 2. d4 Nf6 3. Nc3 g6 4. Bg5 Bg7 5. Nf3 O-O 6. Qd2 c6 7. a4 Qa5 8. Bh6
b5 9. Bxg7 Kxg7 10. Bd3 Bg4 11. O-O Bxf3 12. gxf3 b4 13. Na2 Qh5 14. Kg2 a5
15. Qf4 Nbd7 16. Qg3 e5 17. dxe5 dxe5 18. Qh3 Qxh3+ 19. Kxh3 Nh5 20. Rad1 Nf4+
21. Kg3 Nc5 22. b3 Ncxd3 23. Rxd3 Nxd3 24. cxd3 Rfd8 25. Rd1 c5 26. Nc1 Rac8
27. Re1 g5 28. Re2 Kg6 29. Rc2 h5 30. h3 h4+ 31. Kg2 f5 32. Rc4 Rd4 33. Rc2 Kf6
34. Rd2 f4 35. Rc2 Ke6 36. Kf1 Kd6 37. Ke2 Kc6 38. Rc4 Rxc4 39. dxc4 Rd8 1/2-1/2

[Event "Open Ricany 2oo9"]
[Site "?"]
[Date "2009.08.27"]
[Round "7.8"]
[White "Sindler ,Michal"]
[Black "Matejka ,Vladimir"]
[Result "1-0"]
[WhiteElo "2163"]
[BlackElo "1993"]

1. e4 c5 2. Nf3 a6 3. c3 d6 4. d4 Qc7 5. Be3 Nf6 6. Nbd2 Nbd7 7. h3 g6 8. Bd3
Bg7 9. O-O b5 10. a4 c4 11. Bc2 Bb7 12. Qe2 O-O 13. Bg5 h6 14. Be3 e5 15. d5 Nc5
16. Nh2 Nfd7 17. Qg4 Nf6 18. Qe2 g5 19. h4 gxh4 20. Ng4 Nxg4 21. Qxg4 Kh7
22. Qf5+ Kh8 23. Qh5 Kh7 24. Nf3 Nd3 25. Bxd3 cxd3 26. Nxh4 Qe7 27. f4 exf4
28. Rxf4 Qg5 29. Qf3 bxa4 30. Rg4 Qf6 31. Nf5 Rg8 32. Bd4 a3 33. bxa3 Rac8
34. Rxg7+ Qxg7 35. Nxg7 Rxg7 36. Bxg7 Kxg7 37. Qxd3 Rc7 38. Qg3+ 1-0

[Event "Open Ricany 2oo9"]
[Site "?"]
[Date "2009.08.27"]
[Round "7.15"]
[White "Voracek ,Zdenek"]
[Black "Koper ,Stefan"]
[Result "1-0"]
[WhiteElo "2075"]
[BlackElo "2024"]

1. d4 d5 2. c4 e6 3. Nc3 Nf6 4. Nf3 c6 5. e3 Bd6 6. b3 Nbd7 7. Be2 Ne4 8. Nxe4
dxe4 9. Nd2 f5 10. O-O Qh4 11. f4 Nf6 12. a4 g5 13. Ba3 Bc7 14. g3 Qh6 15. Kh1
Qg6 16. d5 h5 17. d6 Bd8 18. Bb2 h4 19. g4 Rg8 20. Rg1 Nxg4 21. Rxg4 fxg4
22. Bxg4 Qh7 23. Bh5+ Kf8 24. Qe2 gxf4 25. Rf1 e5 26. exf4 Bh3 27. fxe5+ Bxf1
28. Qxf1+ Kg7 29. Bf7 Bg5 30. e6+ Kh6 31. Qe2 Rg6 32. Nxe4 Rf8 33. Nxg5 Rxg5
34. Bc1 Rxf7 35. Bxg5+ Kxg5 36. exf7 Qf5 37. f8=Q Qxf8 38. Qe7+ Qf6 39. Kg2 Kf5
40. Qxf6+ Kxf6 41. Kh3 c5 42. Kxh4 Ke6 43. Kg5 Kxd6 44. Kf6 Kc6 45. h4 a6 46. h5
b5 47. axb5+ axb5 48. h6 Kb6 49. h7 Ka5 50. h8=Q 1-0

[Event "Open Ricany 2oo9"]
[Site "?"]
[Date "209.08.27"]
[Round "7.11"]
[White "Skacel ,Jan"]
[Black "Svitak ,David"]
[Result "0-1"]
[WhiteElo "2070"]
[BlackElo "1865"]

1. e4 c5 2. Nc3 Nc6 3. g3 g6 4. Bg2 Bg7 5. d3 d6 6. Be3 e6 7. Nge2 Nge7 8. O-O
O-O 9. d4 cxd4 10. Nxd4 a6 11. Qd2 Qc7 12. Rad1 Ne5 13. Qe2 Nc4 14. Bc1 b5
15. b3 Qa5 16. Ncxb5 axb5 17. bxc4 bxc4 18. e5 d5 19. Bg5 Qc7 20. c3 Nc6
21. Nxc6 Qxc6 22. Bf6 Re8 23. Bxg7 Kxg7 24. Rd4 Ra3 25. Rh4 Rh8 26. Qf3 Qd7
27. Qf6+ Kg8 28. Rb1 Ra7 29. Rd4 h5 30. Bf1 Qe7 31. Qxe7 Rxe7 {Dale necitelne}
0-1

[Event "Open Ricany 2oo9"]
[Site "?"]
[Date "2009.08.27"]
[Round "7.39"]
[White "Krejci ,Martin"]
[Black "Hatas ,Radim"]
[Result "1/2-1/2"]
[WhiteElo "1837"]
[BlackElo "1773"]

1. e4 Nf6 2. e5 Nd5 3. d4 d6 4. Nf3 g6 5. Bc4 Nb6 6. Bb3 Bg7 7. Ng5 e6 8. Qf3
Qe7 9. Ne4 dxe5 10. Bg5 Qb4+ 11. c3 Qb5 12. Bf6 Bxf6 13. Qxf6 O-O 14. Qxe5 Qxe5
15. dxe5 Nc6 16. f4 Na5 17. Nbd2 Nxb3 18. Nxb3 Nd5 19. O-O b6 20. Nbd2 Bb7
21. Rf3 Rad8 22. c4 Nb4 23. Rh3 Kg7 24. Nf6 h6 25. Nde4 Nd3 26. Rf1 Rd4 27. Rff3
Rfd8 28. Rxh6 Rxe4 29. Rh7+ Kf8 30. Rxd3 Rxd3 31. Rh8+ Kg7 32. Rh7+ Kf8 33. Rh8+
Kg7 34. Rg8+ Kh6 35. Rh8+ Kg7 36. Rh7+ Kf8 1/2-1/2

[Event "Open Ricany 2oo9"]
[Site "?"]
[Date "2009.08.27"]
[Round "7.27"]
[White "Berg ,Antonin"]
[Black "Vevera ,Radek"]
[Result "0-1"]
[WhiteElo "1890"]
[BlackElo "2092"]

1. e4 c5 2. Nc3 Nc6 3. g3 g6 4. Bg2 Bg7 5. d3 e6 6. Nge2 Nge7 7. Bg5 O-O 8. Qd2
Nd4 9. O-O-O d6 10. Bh6 Qa5 11. Bxg7 Kxg7 12. Kb1 e5 13. Nd5 Qxd2 14. Rxd2 Nxd5
15. exd5 Bd7 16. c3 Nxe2 17. Rxe2 Rae8 18. Rhe1 g5 19. Kc2 f5 20. h4 gxh4
21. gxh4 Kf6 22. Bf3 Rg8 23. Bh5 Re7 24. f4 Rg3 25. d4 cxd4 26. cxd4 e4 27. Re3
Reg7 28. Rc3 Rxc3+ 29. bxc3 Bb5 30. Kb3 Rg3 31. Kb4 Bd3 32. c4 b6 33. c5 a5+
34. Ka4 bxc5 35. dxc5 dxc5 36. Kxa5 Ke7 37. Kb6 Kd6 38. Bf7 Rg2 39. a4 Rb2+
40. Ka7 Rb1 41. Re3 c4 42. Rg3 c3 43. Be6 c2 44. Rg7 c1=Q 45. Rd7+ Kc5 46. Rc7+
Kd6 47. Rd7+ Kc5 48. Rc7+ Kb4 49. Rxc1 Rxc1 50. d6 e3 51. Kb8 Be4 52. d7 Rd1
53. Kc7 e2 0-1

[Event "Open Ricany 2oo9"]
[Site "?"]
[Date "2009.08.27"]
[Round "7.32"]
[White "Petras ,Milan"]
[Black "Feierfeil ,Jiri"]
[Result "1/2-1/2"]
[WhiteElo "2056"]
[BlackElo "1885"]

1. d4 Nf6 2. c4 g6 3. Nc3 d5 4. cxd5 Nxd5 5. e4 Nxc3 6. bxc3 Bg7 7. Bc4 O-O
8. Ne2 c5 9. Be3 cxd4 10. cxd4 e6 11. O-O Nc6 12. Rb1 Na5 13. Bd3 b6 14. Qd2 Bb7
15. Bh6 Rc8 16. Bxg7 Kxg7 17. Rfd1 Qd6 18. e5 Qe7 19. Qf4 Bd5 20. Ng3 f5
21. exf6+ Qxf6 22. Qxf6+ Kxf6 23. Rb2 Nc4 24. Re2 Nd6 25. f3 Ke7 26. Ne4 Nxe4
27. fxe4 Bc4 28. g3 Rf3 29. Bxc4 Rxc4 30. Kg2 Rcc3 31. d5 Rfe3 32. d6+ Kd7
33. Rf2 e5 34. Rf7+ Kd8 35. Rdf1 Re2+ 36. Kh3 Rcc2 37. Re7 Rxh2+ 38. Kg4 Rhf2
39. Rxf2 Rxf2 40. Rxe5 Rd2 41. Re7 Rxd6 42. Rxa7 h6 43. Rh7 h5+ 44. Kf4 Re6
45. Rg7 Ke8 46. e5 Kf8 47. Rd7 Ke8 48. Rd6 g5+ 49. Kxg5 Rxe5+ 50. Kh4 Rb5
51. Rh6 Kf7 52. Rxh5 Rb2 53. Rh6 Kg7 54. Rc6 Rxa2 55. Rxb6 Ra5 56. g4 Rc5
57. Ra6 Rb5 58. Re6 Ra5 59. Rb6 Rc5 60. g5 Rc1 1/2-1/2

[Event "Open Ricany 2oo9"]
[Site "?"]
[Date "2009.08.27"]
[Round "7.29"]
[White "Hrdina ,Robin"]
[Black "Petrun ,Milan"]
[Result "1/2-1/2"]
[WhiteElo "1859"]
[BlackElo "1966"]

1. e4 c5 2. Nf3 d6 3. Bb5+ Bd7 4. Bxd7+ Nxd7 5. O-O Ngf6 6. Re1 e6 7. d4 cxd4
8. Nxd4 Be7 9. c4 O-O 10. Nc3 Re8 11. b3 Rc8 12. Bb2 Bf8 13. Rc1 a6 14. Rc2 g6
15. Rd2 Qa5 16. Ba1 Qh5 17. Nf3 Ng4 18. h3 Nge5 19. Nxe5 Qxd1 20. Rexd1 Nxe5
21. Na4 Nc6 22. Nb2 Bg7 23. Rxd6 Red8 24. c5 Rxd6 25. cxd6 Rd8 26. f4 Nb4 27. e5
Nc2 28. Nd3 Nxa1 29. Rxa1 f6 30. Rc1 fxe5 31. fxe5 Bh6 32. Rc7 b6 33. Re7 Bg5
34. Rc7 Rf8 35. b4 h5 36. Rc2 h4 37. Re2 Rc8 38. Kf1 Rc3 39. Ne1 Kf7 40. Nf3 Bf4
41. Nxh4 Bg3 42. Nf3 Rc1+ 43. Ne1 Rc4 44. Re3 Bxe1 45. Kxe1 Rxb4 46. Kf2 Rb2+
47. Re2 Rb4 48. Kf3 Rc4 49. g4 g5 50. Re3 b5 51. Ra3 Rc5 52. Re3 a5 53. Kg3 b4
54. Kf3 a4 55. Rd3 Ke8 56. Ke4 Rc2 57. Rd4 b3 58. axb3 axb3 59. Rb4 Rc3 60. Kd4
Rxh3 61. Kc4 Rg3 62. Rxb3 Rxg4+ 63. Kc3 Rg1 64. Rb8+ Kd7 65. Rb7+ Kd8 66. d7 Rd1
67. Kc4 Ke7 68. d8=Q+ Kxd8 69. Rg7 Ke8 1/2-1/2

[Event "Open Ricany 2oo9"]
[Site "?"]
[Date "2009.08.27"]
[Round "7.31"]
[White "Halla ,Jiri"]
[Black "Pospisil ,Martin"]
[Result "1-0"]
[WhiteElo "1894"]
[BlackElo "1868"]

1. b3 d5 2. Bb2 e6 3. e3 Nf6 4. f4 c5 5. Nf3 Nc6 6. Bb5 Bd7 7. O-O Bd6 8. Bxc6
Bxc6 9. d3 O-O 10. Nbd2 b5 11. Ne5 Rc8 12. Nxc6 Rxc6 13. e4 Be7 14. e5 Nd7
15. c4 bxc4 16. dxc4 d4 17. Qf3 Qc7 18. Qe4 f6 19. Nf3 Rb6 20. Bc1 fxe5 21. fxe5
Rf5 22. g4 Rf8 23. Bd2 Qc6 24. Qd3 Rbb8 25. h4 Rf7 26. Bg5 Rbf8 27. Bxe7 Rxf3
28. Qe2 Rg3+ 29. Kh2 d3 30. Rxf8+ Nxf8 31. Rf1 Ng6 32. Qf2 Rf3 33. Qxf3 Qxf3
34. Rxf3 d2 35. Rd3 Nxe7 36. Rxd2 Ng6 37. Kg3 Kf7 38. Rd7+ Kf8 39. Rxa7 Nxe5
40. h5 h6 41. Rc7 Nd3 42. Kf3 e5 43. Ke4 Nf2+ 44. Kxe5 Nxg4+ 45. Ke6 Kg8
46. Rxc5 1-0

[Event "Open Ricany 2oo9"]
[Site "?"]
[Date "2009.08.27"]
[Round "7.7"]
[White "Vojta ,Pavel"]
[Black "Schmalz ,Michal"]
[Result "1/2-1/2"]
[WhiteElo "2173"]
[BlackElo "1996"]

1. d4 Nf6 2. Nf3 g6 3. g3 d5 4. Bg2 Bg7 5. O-O O-O 6. c4 dxc4 7. Nbd2 Nc6
8. Nxc4 Be6 9. b3 a5 10. Bb2 h6 11. Re1 Bd5 12. Rc1 a4 13. Nfe5 Bxg2 14. Kxg2
Qd5+ 15. f3 Qb5 16. Nxc6 bxc6 17. e4 c5 18. dxc5 Rfd8 19. bxa4 Qxc5 20. Qc2 Qa7
21. a5 Ne8 22. e5 Rd5 23. Red1 e6 24. Rd2 Rad8 25. Rcd1 Bf8 26. Qc3 Qc5 27. a6
c6 28. Kh3 Rxd2 29. Rxd2 Rxd2 30. Nxd2 Qxc3 31. Bxc3 Nc7 32. Kg2 Nxa6 33. Ne4
Ba3 34. Kf2 Nc5 35. Nxc5 Bxc5+ 36. Ke2 Kf8 37. Kd3 Ke8 38. Kc4 Bg1 39. h3 Kd7
40. Bd4 Bh2 41. g4 Bg3 42. a4 Be1 43. Bc3 Bf2 44. a5 Kc7 45. Bd4 Bh4 46. a6 Bg5
47. a7 Kb7 48. Kb4 Bd8 49. f4 Bh4 50. Kc5 Be7+ 51. Kc4 Bh4 52. Kd3 Be7 53. Kc4
Bh4 54. Be3 Bd8 55. Bf2 h5 56. gxh5 gxh5 57. Bc5 Bh4 58. Kd3 f5 59. exf6 Bxf6
60. Ke4 Ka8 61. Kd3 Kb7 62. Kc4 Bh4 63. Bd4 Be7 64. Be3 Bd6 65. Kd4 1/2-1/2

[Event "Open Ricany 2oo9"]
[Site "?"]
[Date "2009.08.27"]
[Round "7.5"]
[White "Hulin ,Petr"]
[Black "Hosticka ,Frantisek"]
[Result "0-1"]
[WhiteElo "2073"]
[BlackElo "2185"]

1. d4 b5 2. e4 b4 3. Nf3 Bb7 4. Bd3 e6 5. Nbd2 c5 6. dxc5 Bxc5 7. e5 f5 8. Nb3
Bb6 9. Qe2 Ne7 10. Bd2 Nbc6 11. Rg1 h5 12. Ba6 Qc8 13. Bxb7 Qxb7 14. a4 a5
15. O-O-O Qa6 16. Rge1 Qa7 17. Be3 Bxe3+ 18. Qxe3 Qxe3+ 19. Rxe3 Ra7 20. Nbd4
Nxd4 21. Nxd4 Nd5 22. Nb5 Nxe3 23. fxe3 Ra8 24. Nc7+ Ke7 25. Nxa8 Rxa8 26. Rd6
Rc8 27. e4 f4 28. Rd4 g5 29. Kd2 Rc5 30. Kd3 Rxe5 31. Rc4 d5 32. exd5 Rxd5+
33. Ke4 Kf6 34. h4 Re5+ 35. Kf3 Re3+ 36. Kf2 e5 37. hxg5+ Kxg5 38. Rc5 h4
39. Rxa5 h3 40. gxh3 Kf5 41. Rb5 Rxh3 42. a5 Rh2+ 43. Kf3 Rxc2 44. Rxb4 Rc5
45. Ra4 Rb5 46. Ra2 e4+ 47. Kf2 f3 48. a6 Kf4 49. a7 e3+ 50. Kg1 Rg5+ 51. Kf1
e2+ 0-1

[Event "Open Ricany 2oo9"]
[Site "?"]
[Date "2009.08.28"]
[Round "8.35"]
[White "Hatas ,Radim"]
[Black "Havelka ,Petr"]
[Result "1/2-1/2"]
[WhiteElo "1773"]
[BlackElo "1936"]

1. e4 d5 2. exd5 Qxd5 3. Nc3 Qa5 4. d4 Nf6 5. Bc4 Bf5 6. Bd2 c6 7. Nd5 Qd8
8. Nxf6+ exf6 9. Nf3 Bd6 10. Qe2+ Qe7 11. Qxe7+ 1/2-1/2

[Event "Open Ricany 2oo9"]
[Site "?"]
[Date "2009.08.28"]
[Round "8.37"]
[White "Eisner ,Oldrich"]
[Black "Hadrava ,Jaroslav"]
[Result "1/2-1/2"]
[WhiteElo "1828"]
[BlackElo "1963"]

1. c4 Nf6 2. Nf3 d5 3. cxd5 Nxd5 4. d4 c6 5. g3 Bf5 6. Nc3 e6 7. Bg2 Bb4 8. Bd2
Nd7 9. O-O Bd6 10. Re1 Nxc3 11. Bxc3 Be4 12. Nd2 Bxg2 13. Kxg2 Nf6 14. e4 Be7
15. f4 O-O 16. Nf3 1/2-1/2

[Event "Open Ricany 2oo9"]
[Site "?"]
[Date "2009.08.28"]
[Round "8.21"]
[White "Fikr ,Lukas"]
[Black "Postupa st., Pavel "]
[Result "0-1"]
[WhiteElo "1996"]
[BlackElo "2081"]

1. Nf3 Nf6 2. g3 d5 3. Bg2 c6 4. O-O Bf5 5. b3 Qc8 6. Re1 h6 7. Bb2 Nbd7 8. d3
e6 9. Nbd2 Be7 10. e4 dxe4 11. dxe4 Bh7 12. Qe2 O-O 13. c4 Nc5 14. e5 Nfd7
15. Nd4 Nd3 16. Reb1 Nxb2 17. Rxb2 Ba3 18. N2f3 Bxb2 19. Qxb2 Qc7 20. Re1 Nc5
21. Re3 a5 22. g4 Rfd8 23. g5 h5 24. Nh4 Nd3 25. Qc3 Nf4 26. Bf3 Qd7 27. Nc2 Qd2
0-1

[Event "Open Ricany 2oo9"]
[Site "?"]
[Date "2009.08.28"]
[Round "8.20"]
[White "Vevera ,Radek"]
[Black "Halla ,Jiri"]
[Result "1/2-1/2"]
[WhiteElo "2092"]
[BlackElo "1894"]

1. c4 g6 2. d4 Nf6 3. Nc3 Bg7 4. e4 d6 5. Nf3 O-O 6. Be2 e5 7. O-O Nc6 8. Be3
Nd7 9. d5 Ne7 10. Ne1 f5 11. f3 Nf6 12. Nd3 c5 13. dxc6 bxc6 14. c5 d5 15. Nxe5
Qc7 16. Nd3 dxe4 17. fxe4 1/2-1/2

[Event "Open Ricany 2oo9"]
[Site "?"]
[Date "2009.08.28"]
[Round "8.11"]
[White "Schmalz ,Michal"]
[Black "Drábek ,Vojtech"]
[Result "1/2-1/2"]
[WhiteElo "1996"]
[BlackElo "2156"]

1. e4 e5 2. d4 exd4 3. Qxd4 Nc6 4. Qe3 Bb4+ 5. Nc3 d6 6. Bd2 Nf6 7. h3 O-O
8. O-O-O Re8 9. Qg3 Ne5 10. Bd3 Nxd3+ 11. cxd3 c6 12. Nge2 Bxc3 13. Bxc3 Be6
14. Kb1 b5 15. Nd4 Rc8 16. f4 Bd7 17. Nc2 c5 18. Ne3 b4 19. Bxf6 Qxf6 20. Nd5
Qg6 21. Qxg6 hxg6 22. Rhe1 1/2-1/2

[Event "Open Ricany 2oo9"]
[Site "?"]
[Date "2008.08.28"]
[Round "8.23"]
[White "Zvara ,David"]
[Black "Boucek ,Vlastimil"]
[Result "1-0"]
[WhiteElo "1830"]
[BlackElo "2032"]

1. e4 Nf6 2. Nc3 e6 3. d4 d5 4. exd5 exd5 5. Bg5 Be7 6. Nf3 O-O 7. Be2 c6
8. O-O Ne8 9. Bxe7 Qxe7 10. Re1 Nd6 11. Bd3 Qf6 12. Qd2 h6 13. Ne5 Bf5 14. Ne2
Bxd3 15. Qxd3 Re8 16. Ng3 Re6 17. Ng4 Qe7 18. Rxe6 Qxe6 19. Ne5 Nd7 20. Nxd7
Qxd7 21. Re1 g6 22. f3 Rc8 23. c3 Kg7 24. b3 Nb5 25. Qe3 Rc7 26. h4 h5 27. Nxh5+
gxh5 28. Qg5+ Kh7 29. Qxh5+ Kg7 30. Qg5+ Kh7 31. a4 Qd6 32. axb5 cxb5 33. h5 Rc6
34. Re7 Qf6 35. Qxf6 Rxf6 36. Rxb7 a6 37. Rc7 Kh6 38. Rc5 Rd6 39. g4 Kg5 40. Kf2
Kf4 41. Rc7 f6 42. h6 Kg5 43. h7 Rd8 44. Rg7+ 1-0

[Event "Open Ricany 2oo9"]
[Site "?"]
[Date "2009.08.28"]
[Round "8.5"]
[White "Hosticka ,Frantisek"]
[Black "Sindler ,Michal"]
[Result "1/2-1/2"]
[WhiteElo "2185"]
[BlackElo "2163"]

1. e4 c5 2. Nf3 d6 3. Bb5+ Nd7 4. d4 cxd4 5. Qxd4 e5 6. Qd3 h6 7. O-O Be7 8. c4
Nf6 9. Nc3 O-O 10. Bxd7 Bxd7 11. Ne1 Qc7 12. Nc2 Rfc8 13. Ne3 Be6 14. b3 a6
15. Bb2 b6 16. Rfd1 Qb7 17. Ncd5 Nxd5 18. Nxd5 Bxd5 19. Qxd5 Qxd5 20. Rxd5 b5
21. Rc1 bxc4 22. bxc4 Rab8 23. Ba3 Bg5 24. Re1 Rxc4 25. g3 Be7 26. Bxd6 1/2-1/2